000
00197 a2200097 4500
001
14900
100
_a
Hayes C.J.H
245
_a
Modern history
260
_a
_b
Macmillan
_c
090
_c
11667
_d
11667
942
_a
NUST-CAE
_c
M
_c
1855
999
_c
249973
_d
249973